Escribir informes: (Record no. 689)

MARC details
000 -CABECERA
campo de control de longitud fija 00997nam a22002534c 4500
003 - IDENTIFICADOR DE NUMERO DE CONTROL
campo de control AR-BaSMT
008 - CAMPOS DE LONGITUD FIJA
campo de control de longitud fija 230327t2023 agd|||frib|| 001 0 spa d
020 ## - ISBN: Indicadores indefinidos
Número ISBN 9789878982229
040 ## - FUENTE DE CATALOGACION
Agencia de catalogación original BSGB
Idioma de catalogación español
Agencia que realiza la transcripción BSGB
Convenciones de la descripción rda
041 0# - CODIGO DE IDIOMA
Código idioma spa
Idioma original español
080 ## - CDU
CDU completo 802
100 1# - PUNTO DE ACCESO PRINCIPAL
Nombre de persona Papeo, Nora
Enlace autoridades 515
245 1# - MENCION DE TITULO
Título Escribir informes:
Subtítulo Resúmenes, reseñas, informes de lecturas, ensayos, monografías, proyectos de investigación.
250 ## - MENCION DE EDICION
Mención de edición Primera edición
264 ## - PRODUCCIÓN, PUBLICACIÓN, DISTRIBUCIÓN, ETC.
Lugar de publicación, etc. Buenos Aires ;
Nombre editor. Del Aula Taller,
Fecha 2023.
300 ## - DESCRIPCION FISICA
Extensión 32 páginas
336 ## - TIPO DE CONTENIDO
rdacontent rdacontent
texto texto
txt txt
337 ## - TIPO DE MEDIO
rdamedia rdamedia
sin mediación sin mediación
n n
338 ## - TIPO DE SOPORTE
rdacarrier rdacarrier
volumen volumen
nc nc
520 ## - NOTA DE SUMARIO, RESUMEN, ETC.
Toda la nota ÍNDICE <br/>¿Qué es un escrito o texto académico? <br/>El resumen <br/>La reseña <br/>El informe de lectura <br/>El ensayo <br/>La monografía <br/>El proyecto de investigación <br/>Formato normas APA <br/>Cómo aplicar las normas APA en word <br/>Bibliografía
521 ## - NOTA DE PÚBLICO DESTINATARIO
Nota de audiencia Público general
942 ## - ELEMENTOS AGREGADOS (KOHA)
CDU Clasificación Decimal Dewey
Tipo de ítem Libros
Holdings
Disponible Perdido Fuente de clasificación Estado Ubicación permanente Locación actual Estante o sala Fuente de adquisición Número de inventario Total préstamos Signatura topográfica Código de barras Numero de ejemplar Tipo de item de Koha Calificador de localización códificado
    Clasificación Decimal Dewey   Biblioteca Susana G. De Batemarco Biblioteca Susana G. De Batemarco Literatura Secundaria Compra feria del libro 2025 030420   802 PAD 030420 1 Libros  

Powered by Koha